000 00326nam a22001337a 4500
003 OSt
008 240829b |||||||| |||| 00| 0 eng d
082 _a954.02
_bRAR
100 _aRANADE, Mahadeo Govind
245 _aRise of the Maratha Power
260 _aNew Delhi:
_bMIABGI
_c1900.
300 _avii,151p.
942 _2ddc
_cBK
999 _c12859
_d12859